[Event "Saint Denis op"]
[Site "Saint Denis"]
[Date "2022.10.13"]
[Round "4"]
[White "Molines, Martin"]
[Black "Lai Cheung Kit, Guillaume"]
[Result "0-1"]
[WhiteElo "1037"]
[BlackElo "1011"]
[PlyCount "56"]
[EventDate "2022.10.13"]
[EventType "swiss"]
[EventRounds "9"]
[EventCountry "RUF"]
[SourceTitle "EXT 2024"]
[Source "ChessBase"]
[SourceDate "2023.10.10"]
[SourceVersion "1"]
[SourceVersionDate "2023.10.10"]
[SourceQuality "1"]

1. e4 d5 2. exd5 Nf6 3. d4 Nxd5 4. Nf3 Bg4 5. h3 Bh5 6. Be3 Nxe3 7. fxe3 e6 8. a3 Nc6 9. Bb5 a6 10. Ba4 Bd6 11. g4 Bg6 12. Rg1 h6 13. Nc3 Be4 14. Nxe4 0-0 15. Nxd6 cxd6 16. Qd2 Qf6 17. Rf1 Rad8 18. 0-0-0 e5 19. Bxc6 bxc6 20. Qc3 e4 21. Ne5 Qh4 22. Nxc6 Rc8 23. Rh1 Rc7 24. d5 Rb8 25. Qa5 Rbc8 26. Qxa6 Qf2 27. Ne7+ Kh7 28. Nxc8 Qxc2# 0-1